000 00533nam a22001937a 4500
003 MPLRDC
005 20220104142547.0
008 210129b ||||| |||| 00| 0 eng d
020 _a978-957-33-2773-8
082 _a874.57 REI
100 _aKATHY REICHS
245 _a第206块骨头
_c陈筠臻 译
250 _a初版二刷
260 _a台湾
_b皇冠文化出版有限公司
_c2011
300 _b420
490 _a皇冠丛书: 第4083种; CHOICE: 214
650 _a美国文学--长篇小说
942 _cBK
_o874.57 REI
999 _c31876
_d31866